| 000 | 00629nam a2200241Ia 4500 | ||
|---|---|---|---|
| 003 | OSt | ||
| 005 | 20221005092705.0 | ||
| 006 | a|||||r|||| 00| 0 | ||
| 007 | ta | ||
| 008 | 221004b |||||||| |||| 00| 0 eng d | ||
| 024 | _a80585 | ||
| 037 | _cTextual | ||
| 040 |
_aCRL _cCRL _beng |
||
| 041 |
_2eng _aeng |
||
| 082 | _aO142,3M09x, 111K0 | ||
| 100 | _aGogol Nikolai | ||
| 245 | 0 | _aDiary of a madman | |
| 260 |
_aNew York _bSignet Classic USA _c1960 |
||
| 300 |
_a238p. _ccm. |
||
| 650 | _aENGLISH LITERATURE | ||
| 942 |
_hO142,3M09x, 111K0 _cTEXL _2cc |
||
| 999 |
_c999227 _d999227 |
||